Devinez la Capitale Mystère #31 - Statistiques

Statistiques générales
  • Ce quiz a été pris 214 fois
  • Le résultat moyen est 27 sur 33
Statistiques - réponses
Type de Réponse Réponse % Correct
Lettre de l'Alphabet I
100%
Lettre de l'Alphabet N
100%
Lettre Trouvée A
99%
Lettre de l'Alphabet E
99%
Lettre de l'Alphabet R
99%
Lettre de l'Alphabet S
99%
Lettre de l'Alphabet L
98%
Lettre Trouvée O
98%
Lettre de l'Alphabet B
96%
Lettre Trouvée T
96%
Lettre de l'Alphabet M
94%
Lettre de l'Alphabet D
93%
Lettre de l'Alphabet G
93%
Lettre de l'Alphabet P
93%
Lettre de l'Alphabet U
92%
Lettre de l'Alphabet C
90%
Lettre de l'Alphabet K
89%
Lettre Bien Placée A
87%
Lettre de l'Alphabet H
87%
Lettre Bien Placée A
79%
Lettre Trouvée W
78%
Lettre de l'Alphabet V
75%
Lettre de l'Alphabet Y
73%
Lettre de l'Alphabet J
70%
Lettre de l'Alphabet X
69%
Lettre de l'Alphabet Z
69%
Lettre Bien Placée T
66%
Lettre Bien Placée O
63%
Lettre de l'Alphabet F
62%
Lettre de l'Alphabet Q
61%
Lettre Bien Placée T
61%
Capitale Mystère Ottawa
58%
Lettre Bien Placée W
58%
Aucun quiz correspondant
Distribution des résultats
% des personnes avec chaque résultat
Percentile par nombre de réponses
Votre historique - résultats
Vous n’avez pas pris ce quiz